000 00320nam a22001457a 4500
020 _a818981406-0
082 _a823
_bMEL/B
100 _aMELDON BOOKS
245 _aBAPTIZATION OF JESUS
_bAND OTHER STORIES
260 _bMELDON BOOKS
300 _a16
520 _aBIBLE STORIES
650 _aBIBLE STORIES
942 _cBK
999 _c5624
_d5624